Find a singer from France - Statistics

General Stats
  • This quiz has been taken 30 times
  • The average score is 7 of 16
Answers on the Grid
Answers color-coded by a green-red scale on the quiz's grid according to % correct below.
Suzane
Sunmi
KRN
Rina Sawayama
Garrou
Pink
Laura Ferre
Loreen
Margot Abate
Carla
Justyna Steczkowska
Indila
Sanah
Pomme
Inee
Pierre Garnier
Seni
Edith Piaf
Alizee
Ouidad
Barbara Pravi
Paula Biskup
Jann
Eden Golan
Louanne
Julien Doré
Teya Dora
Cœur de Pirate
Fréro Delavega
TULI
 
Answer Stats
Answer % Correct
Julien Doré
79%
Edith Piaf
74%
Pierre Garnier
68%
Alizee
63%
Cœur de Pirate
58%
Barbara Pravi
53%
Louanne
53%
Pomme
53%
Fréro Delavega
42%
Indila
42%
Suzane
37%
Carla
32%
Laura Ferre
32%
Margot Abate
21%
KRN
5%
Ouidad
5%
No matching quizzes found
Score Distribution
Percent of People with Each Score
Percentile by Number Answered
Your Score History
You have not taken this quiz